000 00801cam a2200241 a 4500
001 000009663
005 20200929161648.0
008 780607s1977 pr a s001 0 spa
035 _a(DLC) 77156137
040 _aDO-SdBNP
_bspa
_cDLC
_dBNPHU
082 _aPR862.44
_bR457e
100 1 _aReyes García, Ismael,
_d1928-
_924550
245 1 3 _aEl envés del teatro /
_cIsmael Reyes García.
260 _a[San Juan, (Puerto Rico) :
_bInstituto de Cultura Puertorriqueña,
_c1977.
300 _a84 p. :
_bil. ;
_c18 cm.
490 1 _aLiteratura hoy
_v2 / 4
505 0 _aLos tramoyistas--Ella, o yo!
650 4 _aTeatro puertorriqueño
_94514
650 4 _aLiteratura puertorriqueño
_ySIGLO XX
_924551
830 0 _aLiteratura hoy ;
_v2 / 4
_914086
910 _aCatalogación derivada.
049 _aBNGR
999 _c9423
_d9423